Arms Control Verification Occasional Papers /
Furkejuvvon:
| Materiálatiipa: | Girji |
|---|---|
| Giella: | English |
| Almmustuhtton: |
Ontario, Canadá:
Arms Control and Disarmament Division
|
| Fáttát: | |
| Fáddágilkorat: |
Lasit fáddágilkoriid
Eai fáddágilkorat, Lasit vuosttaš fáddágilkora!
|
MARC
| LEADER | 00000nam a22000007a 4500 | ||
|---|---|---|---|
| 003 | cru CIDCACS/IIS | ||
| 005 | 20201009102616.0 | ||
| 008 | 201009n -cn|||p|r||||||0| | eng|d | ||
| 999 | |c 43425 |d 43425 | ||
| 022 | |a ISBN:0-62-16769-4 | ||
| 040 | |c cru CIDCACS/IIS | ||
| 090 | |a REV0054 | ||
| 245 | |a Arms Control Verification Occasional Papers / |c Arms Control and Disarmament Division | ||
| 260 | |a Ontario, Canadá: |b Arms Control and Disarmament Division | ||
| 270 | |a Ministère des Affairs Extèrieures Tour A 125, promenade Sussex Ottawa Canada K1A062 | ||
| 500 | |a EXISTENCIAS : 1989 (2) ESTADO DEL REGISTRO:Ya no se recibe | ||
| 650 | 0 | |9 138 |a PAZ | |
| 650 | 0 | |9 411 |a DESARROLLO POLITICO | |
| 650 | 4 | |9 1934 |a MILITARISMO | |
| 651 | 0 | |9 308 |a CENTROAMERICA | |
| 942 | |2 ddc |c PP | ||
